V salóne Millenium zharmonizujú vašu osobnosť

Bibliographic Details
Main Author: Pokorná, Malva (Author)
Corporate Author: salón Millenium (Author)
Format: Article
Language:Slovak
Subjects:

MARC

LEADER 00000nab a2200000 a 4500
001 vtls000895797
003 SK-MaSNL
005 20260302175310.0
008 040720e19970919xo 0 slo
035 |a KE4825 
040 |a KEVKJB  |b slo  |c KEVKJB  |e AACR2 
041 0 |a slo 
044 |a xo  |c SK 
080 |a 687.55  |2 1981 
100 1 |a Pokorná, Malva  |4 aut  |9 274289 
245 1 0 |a V salóne Millenium zharmonizujú vašu osobnosť 
500 |a Magazín, 2, č.37, s.7. Fot.1. 
610 2 7 |a salón Millenium  |2 KEVKJB  |9 886563 
650 0 7 |a kozmetológia  |2 KEVKJB  |9 886564 
650 0 7 |a služby  |2 KEVKJB  |9 2356 
650 0 7 |a informácie  |2 KEVKJB  |9 1285 
651 7 |a Košice (Slovensko)  |2 KEVKJB  |9 18694 
651 7 |a KE,  |2 KEVKJB  |9 877256 
651 7 |a KE,  |2 KEVKJB  |9 877256 
655 7 |a periodikum  |2 snkbucl  |9 29553 
710 2 |a salón Millenium  |4 aut  |9 886563 
773 0 8 |t Košický večer  |g Roč. 8  |g Roč. 29, 19.9.1997 
852 |a ZVYKNI  |b KIS3GCP 
999 |c 1406621  |d 1408551